[Event "Titled Tue 1st Jul Late"]
[Site "chess.com INT"]
[Date "2025.07.01"]
[Round "4"]
[White "Zepeda Berlanga, Jan Enrique"]
[Black "Yeager, Daniel"]
[Result "1-0"]
[WhiteTitle "CM"]
[BlackTitle "FM"]
[WhiteElo "1984"]
[BlackElo "2280"]
[WhiteFideId "5132355"]
[BlackFideId "2029049"]
[EventDate "2025.07.01"]

1. e4 c5 2. Nf3 d6 3. d4 cxd4 4. Nxd4 Nf6 5. Nc3 a6 6. Be3 e5 7. Nf3 Be7 8. Bc4
O-O 9. O-O Be6 10. Bxe6 fxe6 11. Na4 Nbd7 12. Ng5 Qc8 13. Nxe6 Rf7 14. Ng5 Rf8
15. Qd3 b5 16. Qb3+ Kh8 17. Nf7+ Rxf7 18. Qxf7 Qxc2 19. Qxe7 Qxa4 20. Rfd1 Qxe4
21. Qxd6 Qg4 22. Rac1 h5 23. h3 Qf5 24. Rc7 Nf8 25. Qe7 Ne6 26. Rc6 Re8 27. Qf7
Nf4 28. Bxf4 exf4 29. Rxf6 Qxf6 30. Qxe8+ Kh7 31. Qxh5+ Qh6 32. Qxh6+ gxh6 33.
Rd6 Kg7 34. Rxa6 f3 35. Rb6 fxg2 36. Rxb5 Kf6 37. Rb3 Kg5 38. Re3 Kh4 39. a4 h5
40. a5 Kg5 41. a6 Kh4 42. a7 Kg5 43. a8=Q Kh4 44. b4 Kg5 45. b5 Kh4 46. b6 Kg5
47. b7 Kh4 48. b8=Q Kg5 49. Qg3+ Kh6 50. Qaxg2 Kh7 51. Kh2 1-0

[Event "Titled Tue 1st Jul Late"]
[Site "chess.com INT"]
[Date "2025.07.01"]
[Round "4"]
[White "Borges, Wagner da Silva"]
[Black "Andrade, Ivan"]
[Result "0-1"]
[WhiteTitle "CM"]
[BlackTitle "FM"]
[WhiteElo "2062"]
[BlackElo "2144"]
[WhiteFideId "2100401"]
[BlackFideId "14800039"]
[EventDate "2025.07.01"]

1. d4 Nf6 2. Nf3 e6 3. Bf4 d5 4. e3 c5 5. c3 Bd6 6. Bg3 Ne4 7. Nbd2 Nxg3 8. hxg3
cxd4 9. exd4 Nd7 10. Bd3 Nf6 11. Qe2 Qa5 12. Ne5 h6 13. a3 a6 14. g4 Bxe5 15.
Qxe5 Qb6 16. g5 Qxb2 17. Ke2 Ne4 18. Bxe4 dxe4 19. Qxg7 Rf8 20. gxh6 Qxc3 21.
Rh3 Qxa1 22. h7 Bd7 23. h8=Q Bb5+ 24. Ke3 Qc3+ 25. Kf4 Qxd2+ 26. Ke5 O-O-O 27.
Qhxf8 Qxd4+ 28. Kf4 Qxf2+ 29. Kg5 Qxg2+ 30. Kf6 Qxh3 31. Qc5+ Bc6 32. Qxf7 Qh4+
33. Qg5 Qf2+ 34. Kxe6 Qa2+ 35. Kf6 Rd6+ 36. Kg7 Rd7 37. Qf5 Qxf7+ 38. Qxf7 Rxf7+
39. Kxf7 e3 0-1

[Event "Titled Tue 1st Jul Late"]
[Site "chess.com INT"]
[Date "2025.07.01"]
[Round "4"]
[White "Hernandez Bermudez, Ulises Eduardo"]
[Black "Pavlov, Nikolay"]
[Result "1-0"]
[BlackTitle "FM"]
[WhiteElo "2042"]
[BlackElo "2316"]
[WhiteFideId "3902510"]
[BlackFideId "24141470"]
[EventDate "2025.07.01"]

1. e4 c6 2. d4 d5 3. exd5 cxd5 4. c4 Nf6 5. Nc3 e6 6. c5 b6 7. b4 a5 8. Na4 Nfd7
9. a3 axb4 10. axb4 bxc5 11. bxc5 Nc6 12. Nf3 Be7 13. Bd2 O-O 14. Bb5 Qc7 15.
O-O Bf6 16. Re1 Nxd4 17. Nxd4 Bxd4 18. Rc1 Ba6 19. Bxd7 Qxd7 20. Nb6 Qc6 21.
Nxa8 Rxa8 22. Qg4 Bf6 23. Bc3 Bxc3 24. Rxc3 Rd8 25. h4 d4 26. Rd1 e5 27. Rg3 Qf6
28. c6 Bc8 29. Qe4 Bf5 30. Qf3 e4 31. Qf4 d3 32. c7 Rc8 33. h5 g6 34. Rb1 Kf8
35. Rb8 Qe6 36. Rxc8+ Qxc8 37. Qd6+ Ke8 38. Re3 Qd7 39. Qe5+ Qe7 40. c8=Q+ Bxc8
41. Qh8+ Kd7 42. Qd4+ Kc7 43. Rxe4 1-0

[Event "Titled Tue 1st Jul Late"]
[Site "chess.com INT"]
[Date "2025.07.01"]
[Round "4"]
[White "Kjaergaard-Jensen, Jesper"]
[Black "Bolacky, Jiri"]
[Result "1-0"]
[WhiteTitle "CM"]
[WhiteElo "2081"]
[BlackElo "2121"]
[WhiteFideId "1406990"]
[BlackFideId "308706"]
[EventDate "2025.07.01"]

1. d4 Nf6 2. Nf3 g6 3. c3 Bg7 4. Bg5 Ne4 5. h4 c5 6. dxc5 Qc7 7. Nbd2 Nxc5 8. h5
h6 9. hxg6 hxg5 10. gxf7+ Kxf7 11. Rxh8 Bxh8 12. Nxg5+ Ke8 13. e4 Qh2 14. Qf3
Bf6 15. Qe3 d6 16. Ndf3 Qh5 17. O-O-O Nc6 18. Be2 Bg4 19. Bc4 Bxg5 20. Nxg5 Bxd1
21. Bf7+ Qxf7 22. Nxf7 Bh5 23. Nh6 Ne5 24. Nf5 Kd7 25. Qh3 Bg4 26. Qe3 Rh8 27.
f3 Bxf5 28. exf5 Rh1+ 29. Kc2 Rh2 30. c4 Rxg2+ 31. Kc3 b6 32. b4 Na4+ 33. Kb3
Nb2 34. Qe4 Nbd3 35. Qb7+ Ke8 36. Qxa7 Rb2+ 37. Ka3 Rxb4 38. Qa8+ Kf7 39. Qd5+
Kg7 40. Qe6 1-0

[Event "Titled Tue 1st Jul Late"]
[Site "chess.com INT"]
[Date "2025.07.01"]
[Round "4"]
[White "Moussard, Jules"]
[Black "Kravtsiv, Martyn"]
[Result "1-0"]
[WhiteTitle "GM"]
[BlackTitle "GM"]
[WhiteElo "2597"]
[BlackElo "2598"]
[WhiteFideId "642908"]
[BlackFideId "14113147"]
[EventDate "2025.07.01"]

1. c4 e6 2. Nc3 d5 3. d4 Nf6 4. cxd5 exd5 5. Bg5 Be7 6. e3 O-O 7. Bd3 h6 8. Bh4
Re8 9. Nf3 c6 10. Bg3 Nh5 11. Be5 Nd7 12. h3 Nxe5 13. dxe5 g6 14. O-O Bb4 15.
Qc2 Ng7 16. Rad1 Qe7 17. e4 Qc5 18. exd5 Bxc3 19. bxc3 cxd5 20. Rfe1 Bd7 21. Qd2
Kh7 22. Qf4 Qe7 23. Bc2 Rac8 24. Bb3 Be6 25. Bxd5 Bxd5 26. Rxd5 Rxc3 27. Red1
Rc7 28. Nh2 h5 29. Nf3 Ne6 30. Qe3 b6 31. a4 Rec8 32. a5 bxa5 33. Rxa5 Rd8 34.
Rda1 Rdd7 35. h4 Kg7 36. Ra6 Qc5 37. Qe4 Qe7 38. g3 Nc5 39. Qf4 Nxa6 40. Rxa6
Rd1+ 41. Kg2 Rcc1 42. e6 fxe6 43. Qe5+ Qf6 44. Rxa7+ 1-0

[Event "Titled Tue 1st Jul Late"]
[Site "chess.com INT"]
[Date "2025.07.01"]
[Round "4"]
[White "Beerdsen, Thomas"]
[Black "Baturin-Vinogradov, Miroslav"]
[Result "0-1"]
[WhiteTitle "GM"]
[BlackTitle "CM"]
[WhiteElo "2538"]
[BlackElo "2046"]
[WhiteFideId "1030108"]
[BlackFideId "55745741"]
[EventDate "2025.07.01"]

1. e4 c5 2. Nf3 e6 3. d4 cxd4 4. Bg5 Be7 5. Bxe7 Nxe7 6. Qxd4 O-O 7. Qd6 Nbc6 8.
Nc3 Ng6 9. O-O-O Qf6 10. Kb1 Nge5 11. Nxe5 Qxe5 12. f4 Qxd6 13. Rxd6 Rd8 14. g3
Kf8 15. Bg2 Ke7 16. Rhd1 b6 17. e5 Bb7 18. Nb5 Na5 19. Bf1 f6 20. Na3 fxe5 21.
fxe5 Bc6 22. Ba6 Bd5 23. c4 Be4+ 24. Kc1 Nc6 25. Bb7 Rab8 26. Bxc6 Bxc6 27. Nc2
Rbc8 28. b3 Rc7 29. Nd4 Rf8 30. Nxc6+ dxc6 31. R6d4 Rf5 32. Rh4 h6 33. Rg4 g5
34. Re4 Rd7 35. Rxd7+ Kxd7 36. h4 Rf1+ 37. Kb2 Rf2+ 38. Ka3 Rf3 39. hxg5 hxg5
40. Rg4 Rf5 41. Rd4+ Kc7 42. Re4 Rf3 43. g4 Rf4 44. Re1 Rxg4 45. Rh1 Re4 46.
Rh7+ Kb8 47. c5 Rxe5 48. cxb6 axb6 49. Kb4 Rf5 50. Kc4 Rf4+ 51. Kd3 g4 52. Ke3
Rf3+ 53. Ke4 Rf2 54. Rg7 Rxa2 55. Rxg4 Kc7 56. Ke5 Re2+ 57. Kd4 Kd6 58. Kd3 Re5
59. Rg8 Rd5+ 60. Kc4 b5+ 61. Kc3 Rh5 62. Rd8+ Ke5 63. Kb4 Rh3 64. Rc8 Kd6 65.
Rd8+ Kc7 66. Re8 Kd7 67. Rg8 Rh5 68. Ra8 e5 69. Kc5 e4+ 70. Kd4 Rh4 71. Rg8 e3+
72. Kd3 Rb4 73. Kxe3 Rxb3+ 74. Kd4 Rb4+ 75. Ke5 Kc7 76. Rg4 Rxg4 0-1

[Event "Titled Tue 1st Jul Late"]
[Site "chess.com INT"]
[Date "2025.07.01"]
[Round "4"]
[White "Deng, Henry"]
[Black "Donoso Aguirre, Maximiliano"]
[Result "1-0"]
[WhiteTitle "FM"]
[BlackTitle "CM"]
[WhiteElo "2327"]
[BlackElo "2050"]
[WhiteFideId "30965454"]
[BlackFideId "3458920"]
[EventDate "2025.07.01"]

1. e4 e5 2. Nf3 Nc6 3. Bc4 Bc5 4. Nc3 Nf6 5. d3 O-O 6. Bg5 h6 7. Bxf6 Qxf6 8.
Nd5 Qd8 9. c3 a6 10. d4 exd4 11. cxd4 Ba7 12. O-O d6 13. h3 Re8 14. Rc1 Rxe4 15.
Bd3 Re8 16. Bb1 g6 17. Qd2 Kg7 18. Rfe1 Be6 19. Nf4 d5 20. Nxe6+ Rxe6 21. Rxe6
fxe6 22. Qf4 Qd6 23. Qg4 g5 24. h4 Qf4 25. Qxf4 gxf4 26. Kh2 Kf6 27. Kh3 Rc8 28.
Rd1 Rg8 29. h5 Rg7 30. Bg6 Bb6 31. Kg4 Ne7 32. Nh4 c6 33. Kxf4 Bxd4 34. Kg4 e5
35. f4 Ke6 36. Nf3 Nxg6 37. f5+ Kf6 38. fxg6 Bb6 39. Rf1 Ke6 40. Nh4 Rg8 41. Nf5
Rf8 42. Nxh6 Rxf1 43. g7 Rf4+ 44. Kg5 Bd8+ 45. Kg6 Rf6+ 46. Kh7 Rxh6+ 47. Kxh6
Kf7 48. Kh7 1-0

[Event "Titled Tue 1st Jul Late"]
[Site "chess.com INT"]
[Date "2025.07.01"]
[Round "4"]
[White "Sheremetev, Vladislav"]
[Black "Javakhadze, Zurab"]
[Result "0-1"]
[WhiteTitle "CM"]
[BlackTitle "IM"]
[WhiteElo "2133"]
[BlackElo "2418"]
[WhiteFideId "54188300"]
[BlackFideId "13603647"]
[EventDate "2025.07.01"]

1. e4 e5 2. Nf3 Nc6 3. Bb5 a6 4. Ba4 Nf6 5. Nc3 d6 6. Bxc6+ bxc6 7. d4 exd4 8.
Nxd4 c5 9. Nc6 Qd7 10. Na5 Be7 11. O-O O-O 12. Re1 Re8 13. Bf4 Bf8 14. e5 dxe5
15. Bxe5 Qf5 16. Bxc7 Rxe1+ 17. Qxe1 Qxc2 18. Qe2 Qf5 19. Rd1 Be6 20. h3 Rc8 21.
Bd6 c4 22. Bxf8 Kxf8 23. Nb7 Qg5 24. Ne4 Nxe4 25. Qxe4 Bxh3 26. Rd5 Qc1+ 27. Kh2
Be6 28. Qxh7 Qxb2 29. Rd8+ Ke7 30. Qh4+ Qf6 31. Qxf6+ gxf6 32. Rd1 c3 33. Rc1
Bxa2 0-1

[Event "Titled Tue 1st Jul Late"]
[Site "chess.com INT"]
[Date "2025.07.01"]
[Round "4"]
[White "Kharitonov, Sergei"]
[Black "Ernst, Luca"]
[Result "0-1"]
[WhiteTitle "CM"]
[BlackTitle "FM"]
[WhiteElo "2014"]
[BlackElo "2215"]
[WhiteFideId "4129750"]
[BlackFideId "45117055"]
[EventDate "2025.07.01"]

1. e4 g6 2. d4 Bg7 3. Be3 d6 4. Nc3 a6 5. f3 Nd7 6. Qd2 b5 7. g4 Nb6 8. b3 b4 9.
Nce2 a5 10. Ng3 c5 11. Rd1 Be6 12. Kf2 c4 13. d5 c3 14. Qd3 Bd7 15. Bd4 Bxd4+
16. Qxd4 f6 17. a3 bxa3 18. N1e2 a4 19. b4 Rc8 20. Nxc3 Qc7 21. Rd3 Nc4 22. Be2
Ne5 23. Re3 Nh6 24. h3 Nhf7 25. Ra1 h5 26. f4 hxg4 27. fxe5 fxe5 28. Qd1 gxh3
29. Rxa3 Ng5 30. Qh1 O-O+ 31. Ke1 Rf4 32. Kd2 Qb6 33. b5 e6 0-1

[Event "Titled Tue 1st Jul Late"]
[Site "chess.com INT"]
[Date "2025.07.01"]
[Round "4"]
[White "Brozynski, Patryk"]
[Black "Jimenez Almeida, Luis David"]
[Result "0-1"]
[WhiteTitle "CM"]
[BlackTitle "FM"]
[WhiteElo "2192"]
[BlackElo "2188"]
[WhiteFideId "2512700"]
[BlackFideId "22242244"]
[EventDate "2025.07.01"]

1. Nf3 Nf6 2. d4 g6 3. c4 Bg7 4. Nc3 d5 5. e3 O-O 6. Bd3 c5 7. O-O cxd4 8. Nxd4
dxc4 9. Bxc4 Qa5 10. Bd2 Nbd7 11. Nd5 Qd8 12. Bc3 Nxd5 13. Bxd5 Nf6 14. Bf3 Nd5
15. Bxd5 Qxd5 16. Rc1 Qxa2 17. Qf3 Qa6 18. Rfd1 e5 19. Nb3 Qb5 20. Nd2 h5 21. h3
Bf5 22. Ne4 Qc6 23. Ng5 Qb6 24. e4 Be6 25. Nxe6 Qxe6 26. Bb4 Rfc8 27. Qd3 a5 28.
Rxc8+ Qxc8 29. Bc3 a4 30. Qb5 a3 31. Bxe5 a2 32. b4 Qc2 33. Rf1 Bxe5 34. Qxe5
Qb1 35. Qa1 Qxe4 36. b5 Qb4 37. Rd1 Qxb5 38. g3 Qb3 39. Kh2 Qxd1 40. Qxd1 a1=Q
41. Qxa1 0-1

[Event "Titled Tue 1st Jul Late"]
[Site "chess.com INT"]
[Date "2025.07.01"]
[Round "4"]
[White "Sturt, Raven"]
[Black "Frischmann, Rick"]
[Result "1-0"]
[WhiteTitle "GM"]
[BlackTitle "FM"]
[WhiteElo "2459"]
[BlackElo "2355"]
[WhiteFideId "2007304"]
[BlackFideId "24660752"]
[EventDate "2025.07.01"]

1. f4 d5 2. Nf3 g6 3. e3 Bg7 4. c4 c5 5. cxd5 Qxd5 6. Nc3 Qd6 7. e4 Nc6 8. e5
Qd8 9. a3 Nh6 10. b4 O-O 11. bxc5 Bg4 12. Be2 f6 13. e6 Bxe6 14. d4 f5 15. Be3
Ng4 16. Bg1 Qc7 17. h3 Nf6 18. Ne5 Rad8 19. Be3 Nd5 20. Nxd5 Bxd5 21. O-O Nxe5
22. fxe5 Qc6 23. Rf2 f4 24. Bxf4 Bxg2 25. Bc4+ Kh8 26. Qd3 Bd5 27. Re1 Qe6 28.
Bxd5 Rxd5 29. Qe4 Rfd8 30. Be3 b6 31. cxb6 axb6 32. Qg4 Qc6 33. Ref1 Qc3 34. Rf3
Qc2 35. R1f2 Qd3 36. Kg2 1-0

[Event "Titled Tue 1st Jul Late"]
[Site "chess.com INT"]
[Date "2025.07.01"]
[Round "4"]
[White "Povshednyi, Ivan"]
[Black "Tao, Sihan"]
[Result "1/2-1/2"]
[WhiteTitle "FM"]
[BlackTitle "FM"]
[WhiteElo "2309"]
[BlackElo "2202"]
[WhiteFideId "14190907"]
[BlackFideId "30982677"]
[EventDate "2025.07.01"]

1. Nf3 Nf6 2. g3 g6 3. Bg2 Bg7 4. O-O O-O 5. d4 d5 6. c4 c6 7. cxd5 cxd5 8. Nc3
Nc6 9. Ne5 Bf5 10. Nxc6 bxc6 11. Na4 Nd7 12. Bf4 e5 13. dxe5 Nxe5 14. Rc1 Qa5
15. b3 Rfe8 16. Qd2 Qa6 17. Nc5 Qb5 18. h3 Nd7 19. Be3 Rad8 20. Nxd7 Bxd7 21.
Rfe1 a5 22. Rc5 Qb7 23. Bd4 Qb4 24. Qxb4 axb4 25. Bxg7 Kxg7 26. e3 Ra8 27. Rd1
Rxa2 28. e4 Be6 29. exd5 cxd5 30. Rb5 Rc8 31. Rxb4 Rcc2 32. Rf1 Rab2 33. Rd4
Rxb3 34. Bxd5 Bxd5 35. Rxd5 Rbb2 36. Kg2 Rd2 37. Rc5 Rbc2 38. Ra5 Ra2 39. Rxa2
Rxa2 40. Re1 Ra6 41. h4 h5 42. Re4 Kf6 43. Kf3 Kg7 44. Rf4 Re6 45. Re4 Rd6 46.
Ke3 Kf6 47. Rf4+ Kg7 48. Ke4 Re6+ 49. Kf3 Rd6 50. Ra4 Re6 51. Kf4 Rf6+ 52. Ke3
Re6+ 53. Re4 Rf6 54. Ke2 Rd6 55. Rf4 Re6+ 56. Kf3 Rd6 57. Re4 Rf6+ 58. Ke3 Rd6
59. Rd4 Re6+ 60. Kf4 Rf6+ 61. Ke3 Re6+ 62. Re4 Rf6 63. Rc4 Re6+ 64. Kf3 Rf6+ 65.
Rf4 Re6 66. Ra4 Rf6+ 67. Ke3 Re6+ 68. Re4 1/2-1/2

[Event "Titled Tue 1st Jul Late"]
[Site "chess.com INT"]
[Date "2025.07.01"]
[Round "4"]
[White "Miserendino, Alfredo"]
[Black "Tang, Austin"]
[Result "1/2-1/2"]
[WhiteElo "2032"]
[BlackElo "1979"]
[WhiteFideId "101800"]
[BlackFideId "30964580"]
[EventDate "2025.07.01"]

1. e4 c5 2. Nf3 a6 3. g3 Nc6 4. Bg2 g6 5. O-O Bg7 6. Re1 e6 7. c3 Nge7 8. d4
cxd4 9. cxd4 d5 10. Nc3 dxe4 11. Nxe4 O-O 12. Bg5 f6 13. Be3 Nd5 14. Bd2 Re8 15.
Rc1 f5 16. Nc5 Nxd4 17. Nxd4 Bxd4 18. Bg5 Qxg5 19. Qxd4 Rd8 20. Nxe6 Bxe6 21. h4
Qh6 22. Rc5 Nb6 23. Qf6 Bf7 24. Qxb6 Qd2 25. Rec1 Re8 26. Rc7 Rad8 27. Qf6 Re1+
28. Kh2 Rf8 29. Rxe1 Qxe1 30. Bd5 Qxf2+ 31. Kh3 Qf1+ 32. Kh2 Qe2+ 33. Kh3 Qg4+
34. Kh2 Qe2+ 35. Kh3 Qf1+ 36. Kh2 Qf2+ 37. Kh3 Qf1+ 1/2-1/2

[Event "Titled Tue 1st Jul Late"]
[Site "chess.com INT"]
[Date "2025.07.01"]
[Round "4"]
[White "Damaraju, Ashwin"]
[Black "Bluebaum, Matthias"]
[Result "0-1"]
[BlackTitle "GM"]
[WhiteElo "2084"]
[BlackElo "2663"]
[WhiteFideId "39908348"]
[BlackFideId "24651516"]
[EventDate "2025.07.01"]

1. e4 e6 2. d4 d5 3. Bd3 dxe4 4. Bxe4 Nf6 5. Bf3 c5 6. Ne2 Be7 7. Nbc3 O-O 8. d5
exd5 9. Nxd5 Nc6 10. Bf4 Nxd5 11. Qxd5 Qxd5 12. Bxd5 Nb4 13. O-O-O Nxd5 14. Rxd5
Be6 15. Rd2 Rfd8 16. Nc3 Rxd2 17. Bxd2 b6 18. a3 Rd8 19. Re1 h6 20. Nb5 Rd7 21.
Be3 Kf8 22. Bf4 g5 23. Bg3 Bc4 24. Nc3 f5 25. Be5 Kf7 26. b3 Be6 27. Nd1 f4 28.
Nb2 b5 29. g3 fxg3 30. hxg3 h5 31. a4 a6 32. Nd3 c4 33. bxc4 bxc4 34. Nb2 h4 35.
Re4 h3 36. g4 Bd6 37. Bxd6 Rxd6 38. Re3 Bxg4 39. Nxc4 Rd1+ 40. Kb2 h2 41. Ne5+
Kg7 42. Nxg4 h1=Q 43. Ne5 Rb1+ 44. Kc3 Qd5 45. Nd3 Qa5+ 46. Kd4 Qxa4+ 47. Ke5
Rb5+ 48. Ke6 Qc4+ 49. Kd6 Qd5+ 0-1

[Event "Titled Tue 1st Jul Late"]
[Site "chess.com INT"]
[Date "2025.07.01"]
[Round "4"]
[White "Vlassov, Nikolai"]
[Black "Jing, Andrew"]
[Result "1-0"]
[WhiteTitle "IM"]
[BlackTitle "FM"]
[WhiteElo "2291"]
[BlackElo "2292"]
[WhiteFideId "4103360"]
[BlackFideId "30984076"]
[EventDate "2025.07.01"]

1. e4 e5 2. Bc4 Nf6 3. d3 c6 4. Nf3 d5 5. Bb3 a5 6. Nc3 Bg4 7. exd5 cxd5 8. h3
Bxf3 9. Qxf3 Bb4 10. O-O Bxc3 11. Ba4+ Nc6 12. bxc3 O-O 13. Rb1 Qd7 14. Re1 Rfe8
15. Bg5 Re6 16. Rb5 Rd8 17. Reb1 e4 18. Qg3 exd3 19. cxd3 h6 20. Rxb7 Qc8 21.
Rc7 Qa8 22. Rb6 hxg5 23. Bxc6 Rxc6 24. Rcxc6 Qa7 25. Qxg5 Kf8 26. Rxf6 gxf6 27.
Rxf6 Re8 28. Qh6+ Ke7 29. Rf4 Qc7 30. Qf6+ Kf8 31. Qh8+ Ke7 32. Rxf7+ Kxf7 33.
Qh7+ Kf8 34. Qxc7 Re1+ 35. Kh2 d4 36. cxd4 a4 37. d5 a3 38. d6 Re8 39. d7 Ra8
40. d8=Q+ Rxd8 41. Qxd8+ Kg7 42. h4 Kh6 43. Kg3 Kh5 44. Qg5# 1-0

[Event "Titled Tue 1st Jul Late"]
[Site "chess.com INT"]
[Date "2025.07.01"]
[Round "4"]
[White "Piliposyan, Robert"]
[Black "Livaic, Leon"]
[Result "1-0"]
[WhiteTitle "IM"]
[BlackTitle "GM"]
[WhiteElo "2416"]
[BlackElo "2550"]
[WhiteFideId "13309978"]
[BlackFideId "14531534"]
[EventDate "2025.07.01"]

1. d4 d6 2. e4 Nf6 3. Nc3 e5 4. Nf3 Nbd7 5. Bc4 Be7 6. O-O O-O 7. Re1 exd4 8.
Nxd4 Ne5 9. Bf1 Re8 10. h3 Ng6 11. Bc4 Bf8 12. a4 c6 13. a5 Bd7 14. Bb3 b5 15.
axb6 axb6 16. Rxa8 Qxa8 17. Bg5 Be7 18. Nf5 Bxf5 19. exf5 Ne5 20. Bxf6 Bxf6 21.
Ne4 d5 22. Nxf6+ gxf6 23. Re3 Kh8 24. Qd4 Nd7 25. c4 Rxe3 26. fxe3 Qa1+ 27. Kh2
Qe1 28. cxd5 c5 29. Qf4 Ne5 30. Ba4 Qd2 31. Bc6 c4 32. Qh6 Nf3+ 33. Kg3 Qe1+ 34.
Kxf3 Qf1+ 35. Kg3 Qf4+ 36. Kxf4 1-0

[Event "Titled Tue 1st Jul Late"]
[Site "chess.com INT"]
[Date "2025.07.01"]
[Round "4"]
[White "Karas, Eugenia"]
[Black "Rosen, Eric"]
[Result "1-0"]
[WhiteTitle "WFM"]
[BlackTitle "IM"]
[WhiteElo "2124"]
[BlackElo "2377"]
[WhiteFideId "463485"]
[BlackFideId "2032562"]
[EventDate "2025.07.01"]

1. Nf3 d5 2. b3 Nf6 3. Bb2 Bg4 4. e3 Nbd7 5. d4 e6 6. Be2 Bd6 7. O-O h5 8. Nbd2
c6 9. c4 Qb8 10. h3 Bxf3 11. Bxf3 Ne4 12. Bxe4 dxe4 13. Nxe4 Be7 14. d5 exd5 15.
cxd5 cxd5 16. Qxd5 Nb6 17. Qb5+ Kf8 18. Be5 Qe8 19. Qa5 Rh6 20. Ng3 Rc8 21. Rac1
Rhc6 22. Rxc6 Rxc6 23. Bd4 g6 24. Qxa7 Qd8 25. Qxb7 Re6 26. Rc1 h4 27. Ne2 Bf6
28. Bxb6 Rxb6 29. Qc8 Kg7 30. Qxd8 Bxd8 31. Nd4 Bf6 32. Rc4 Be5 33. Nf3 Bf6 34.
Nxh4 Rd6 35. Nf3 Rd1+ 36. Kh2 Ra1 37. a4 Ra3 38. Nd4 Ra2 39. Kg3 Be5+ 40. f4 Bd6
41. Kf3 Ba3 42. g4 Be7 43. f5 1-0

[Event "Titled Tue 1st Jul Late"]
[Site "chess.com INT"]
[Date "2025.07.01"]
[Round "4"]
[White "Hauge, Lars Oskar"]
[Black "Shimanov, Aleksandr"]
[Result "0-1"]
[WhiteTitle "GM"]
[BlackTitle "GM"]
[WhiteElo "2462"]
[BlackElo "2578"]
[WhiteFideId "1509276"]
[BlackFideId "4198603"]
[EventDate "2025.07.01"]

1. f4 d5 2. Nf3 g6 3. g3 Bg7 4. Bg2 Nh6 5. O-O O-O 6. d3 d4 7. c3 c5 8. e4 dxe3
9. Bxe3 Qc7 10. Na3 Rd8 11. Qe2 Ng4 12. Rae1 Nxe3 13. Qxe3 e6 14. Ne5 Nd7 15.
Nxf7 Re8 16. Ng5 Nf8 17. Nc4 Bd7 18. Ne5 Bb5 19. Rd1 Rad8 20. Rfe1 Ba4 21. Rd2
Re7 22. h4 Be8 23. Be4 Bxe5 24. fxe5 Qxe5 25. Rf2 Qg7 26. Ref1 Nd7 27. Bxb7 Qe5
28. Be4 h6 29. Nh3 Kg7 30. Nf4 Bf7 31. Qf3 Rf8 32. Qg4 Nf6 33. Qf3 g5 34. hxg5
hxg5 35. Nh3 Bh5 36. Qe3 Ng4 37. Qe2 Nxf2 38. Qxh5 Qxg3+ 39. Bg2 Nxh3+ 40. Qxh3
Rxf1+ 41. Kxf1 Rf7+ 42. Ke2 0-1

[Event "Titled Tue 1st Jul Late"]
[Site "chess.com INT"]
[Date "2025.07.01"]
[Round "4"]
[White "Obregon Rivero, Juan Carlos"]
[Black "Sabuk, Piotr"]
[Result "1-0"]
[WhiteTitle "GM"]
[BlackTitle "IM"]
[WhiteElo "2477"]
[BlackElo "2321"]
[WhiteFideId "3507815"]
[BlackFideId "1137565"]
[EventDate "2025.07.01"]

1. Nf3 d5 2. g3 Nf6 3. Bg2 c5 4. O-O e6 5. d4 cxd4 6. Nxd4 e5 7. Nb3 Be6 8. c4
Nc6 9. cxd5 Bxd5 10. Nc3 Bxg2 11. Qxd8+ Rxd8 12. Kxg2 Bb4 13. Bg5 Bxc3 14. bxc3
Kd7 15. Bxf6 gxf6 16. Rfd1+ Kc7 17. Kf3 Ne7 18. Ke4 Rhg8 19. h3 b6 20. Rd3 Nc8
21. Rad1 Nd6+ 22. Ke3 f5 23. Rd5 Kc6 24. Kf3 f6 25. c4 Nf7 26. Rxd8 Nxd8 27. e4
fxe4+ 28. Kxe4 Nf7 29. Kf5 Nd6+ 30. Kxf6 Nxc4 31. Kf7 Rg5 32. g4 e4 33. Nd4+ Kb7
34. Nf5 Rg6 35. Rd4 Ne5+ 36. Kf8 Rf6+ 37. Kg8 h5 38. Rxe4 hxg4 39. hxg4 Nxg4 40.
Rxg4 Rxf5 41. f4 Ra5 42. Rg2 Rf5 43. Rf2 Kc6 44. Kg7 Kd5 45. Kg6 Rf8 46. f5 b5
47. f6 a6 48. f7 Kc4 49. Kg7 Rc8 50. Rc2+ Kb4 51. Rxc8 Ka3 1-0

[Event "Titled Tue 1st Jul Late"]
[Site "chess.com INT"]
[Date "2025.07.01"]
[Round "4"]
[White "Klepek, Witold"]
[Black "Perez Cruz, Adianet"]
[Result "1-0"]
[WhiteTitle "CM"]
[BlackTitle "WFM"]
[WhiteElo "2253"]
[BlackElo "1984"]
[WhiteFideId "1175068"]
[BlackFideId "3510115"]
[EventDate "2025.07.01"]

1. c4 c6 2. Nf3 d5 3. g3 Nf6 4. Bg2 dxc4 5. a4 Bf5 6. Na3 e6 7. Nxc4 h6 8. O-O
Nbd7 9. d4 Be7 10. Bf4 Nb6 11. Nce5 Nbd5 12. Bc1 O-O 13. Ne1 a5 14. N1d3 Bxd3
15. Nxd3 Nb4 16. Ne5 Nd7 17. Nf3 Bf6 18. Bf4 Nb6 19. e4 Re8 20. Qe2 Bxd4 21.
Nxd4 Qxd4 22. Be3 Qc4 23. Qg4 f5 24. Qg6 Nd7 25. Bxh6 Re7 26. exf5 Ne5 27. Qg5
Rf7 28. f6 Qc5 29. Rae1 Ned3 30. Qxc5 Nxc5 31. Bxg7 Ncd3 32. Re2 e5 33. Bh3 Re8
34. f4 e4 35. Bf5 Rxg7 36. fxg7 Kxg7 37. Rxe4 Rd8 38. Re2 Nc5 39. Rc1 Nxa4 40.
Ra1 Rd5 41. Be4 Rd4 42. Rxa4 Rd1+ 43. Kg2 Rc1 44. Rxa5 1-0

[Event "Titled Tue 1st Jul Late"]
[Site "chess.com INT"]
[Date "2025.07.01"]
[Round "4"]
[White "Gholami Orimi, Mahdi"]
[Black "Deichmann, Esteban Horacio"]
[Result "1-0"]
[WhiteTitle "GM"]
[WhiteElo "2511"]
[BlackElo "2103"]
[WhiteFideId "12558486"]
[BlackFideId "167410"]
[EventDate "2025.07.01"]

1. d4 c5 2. d5 g6 3. e4 d6 4. Nc3 Bg7 5. Bb5+ Bd7 6. a4 Nf6 7. Be2 O-O 8. Nf3
Bg4 9. O-O e5 10. dxe6 fxe6 11. e5 Ne8 12. exd6 Nxd6 13. Ng5 Bf5 14. g4 h6 15.
gxf5 hxg5 16. fxe6 Nc6 17. Nd5 Re8 18. Bg4 Ne4 19. c3 Ne5 20. Re1 Nxf2 21. Kxf2
Nxg4+ 22. Qxg4 Qxd5 23. Qxg5 Rf8+ 24. Kg1 Rf5 25. Qxg6 Qd3 26. Qg2 Kh8 27. Bg5
Rxg5 28. Qxg5 Bd4+ 29. cxd4 Rg8 30. Qxg8+ Kxg8 31. Ra3 Qxd4+ 32. Rae3 Kf8 33.
e7+ Ke8 34. Re2 c4 35. Kg2 Qd5+ 36. Kf2 Qd4 37. Kg2 Qd5+ 38. Rf3 a6 39. Kg3 Qg5+
40. Kf2 Qc5+ 41. Kf1 b5 42. Rf8+ 1-0